| 000 | 00769nab a2200241 4500 | ||
|---|---|---|---|
| 003 | BR-BrBNA | ||
| 005 | 20260401131315.0 | ||
| 008 | 260401b bl.||||| |||| 00| 0 por d | ||
| 040 |
_aBR-BrBNA _bpor |
||
| 072 | _aH01 ; L70 | ||
| 100 | _aSantos, Bruno | ||
| 245 |
_aInvasão perigosa _bAgrotecnologia |
||
| 500 | _a4 illus. | ||
| 650 | _aPRODUÇÃO AGROPECUÁRIA | ||
| 650 | _aDOENÇA | ||
| 650 | _aPRAGA | ||
| 650 | _aPROTEÇÃO FITOSSANITÁRIA | ||
| 650 | _aDEFESA VEGETAL | ||
| 650 | _aDEFESA ANIMAL | ||
| 773 | 0 |
_01706 _9348154 _dSão Paulo-SP Editora Três Ltda - E-mail: luizfsa@revistadinheiro.com.br 2004 _o2025-0643 _tDinheiro Rural (Brazil) _x1807-3700 _gv. 10(129) p. 28-29; (Sep 2015) _wBR2026000440 |
|
| 942 | _cANA | ||
| 999 |
_c341196 _d341196 |
||